| 000 | 01361nam a2200325Ia 4500 | ||
|---|---|---|---|
| 001 | ebr10348392 | ||
| 003 | CaPaEBR | ||
| 006 | m u | ||
| 007 | cr cn||||||||| | ||
| 008 | 090327s2009 ctuc sb 001 0 eng d | ||
| 010 | _z 2009013368 | ||
| 020 | _z9780300152760 (alk. paper) | ||
| 040 |
_aCaPaEBR _cCaPaEBR |
||
| 035 | _a(OCoLC)593239918 | ||
| 050 | 1 | 4 |
_aU241 _b.M69 2009eb |
| 100 | 1 |
_aMoyar, Mark, _d1971- |
|
| 245 | 1 | 2 |
_aA question of command _h[electronic resource] : _bcounterinsurgency from the Civil War to Iraq / _cMark Moyar ; foreword by Donald Kagan and Frederick Kagan. |
| 260 |
_aNew Haven : _bYale University Press, _cc2009. |
||
| 300 |
_axviii, 347 p. : _bports. |
||
| 490 | 1 | _aYale library of military history | |
| 504 | _aIncludes bibliographical references and index. | ||
| 533 |
_aElectronic reproduction. _bPalo Alto, Calif. : _cebrary, _d2011. _nAvailable via World Wide Web. _nAccess may be limited to ebrary affiliated libraries. |
||
| 650 | 0 |
_aCounterinsurgency _xHistory. |
|
| 650 | 0 |
_aCounterinsurgency _zUnited States _xHistory. |
|
| 650 | 0 | _aCommand of troops. | |
| 655 | 7 |
_aElectronic books. _2local |
|
| 710 | 2 | _aebrary, Inc. | |
| 830 | 0 | _aYale library of military history. | |
| 856 | 4 | 0 |
_uhttp://site.ebrary.com/lib/rucke/Doc?id=10348392 _zAn electronic book accessible through the World Wide Web; click to view |
| 999 |
_c43645 _d43645 |
||